The Monterey formation of California and the origin of its siliceous rocks, (Record no. 28107)

MARC details
000 -LEADER
fixed length control field 01045cam a22002771 4500
001 - CONTROL NUMBER
control field gs 46000140
003 - CONTROL NUMBER IDENTIFIER
control field DLC
005 - DATE AND TIME OF LATEST TRANSACTION
control field 20260227111351.0
008 - FIXED-LENGTH DATA ELEMENTS--GENERAL INFORMATION
fixed length control field 780220s1946 dcubf b 000 0 eng c
010 ## - LIBRARY OF CONGRESS CONTROL NUMBER
LC control number gs 46000140
035 ## - SYSTEM CONTROL NUMBER
System control number (OCoLC)3654196
040 ## - CATALOGING SOURCE
Original cataloging agency U. S. Geol. survey Library
Transcribing agency CCC
Modifying agency OCoLC
-- DLC
050 00 - LIBRARY OF CONGRESS CALL NUMBER
Classification number QE75
Item number .P9 no. 212
051 ## - LIBRARY OF CONGRESS COPY, ISSUE, OFFPRINT STATEMENT
Classification number QE694
Item number .B7
082 ## - DEWEY DECIMAL CLASSIFICATION NUMBER
Classification number 551.782
100 1# - MAIN ENTRY--PERSONAL NAME
Personal name Bramlette, M. N.
Fuller form of name (Milton Nunn),
Dates associated with a name 1896-1977.
245 14 - TITLE STATEMENT
Title The Monterey formation of California and the origin of its siliceous rocks,
Statement of responsibility, etc. by M. N. Barlette.
260 ## - PUBLICATION, DISTRIBUTION, ETC.
Place of publication, distribution, etc. Washington,
Name of publisher, distributor, etc. U.S. Govt. print. off.,
Date of publication, distribution, etc. 1946.
300 ## - PHYSICAL DESCRIPTION
Extent iv, 57 p. incl. tables.
Other physical details 19 pl. (incl. fold. map, 2 fold. diagrs.) 29 cm.
490 0# - SERIES STATEMENT
Series statement United States. Geological survey. Professional paper 212
500 ## - GENERAL NOTE
General note At head of title: United States Dept. of the interior ... Geological survey ...
504 ## - BIBLIOGRAPHY, ETC. NOTE
Bibliography, etc. note Bibliographical foot-notes.
650 #0 - SUBJECT ADDED ENTRY--TOPICAL TERM
Topical term or geographic name entry element Geology, Stratigraphic
Chronological subdivision Miocene.
650 #0 - SUBJECT ADDED ENTRY--TOPICAL TERM
Topical term or geographic name entry element Geology
Geographic subdivision California.
650 #0 - SUBJECT ADDED ENTRY--TOPICAL TERM
Topical term or geographic name entry element Petrology
Geographic subdivision California.

No items available.

Powered by Koha